New business practices and the corporate property portfolio: how responsive is the UK property market? (Record no. 60762)
[ view plain ]
| 000 -LEADER | |
|---|---|
| fixed length control field | 00984cam a2200193 4500 |
| 001 - CONTROL NUMBER | |
| control field | ABS61085 |
| 008 - FIXED-LENGTH DATA ELEMENTS--GENERAL INFORMATION | |
| fixed length control field | 000000n1999 000 0 eng u |
| 035 ## - SYSTEM CONTROL NUMBER | |
| System control number | (Sirsi) u101634 |
| 100 ## - MAIN ENTRY--PERSONAL NAME | |
| Personal name | Gibson, V. |
| 245 ## - TITLE STATEMENT | |
| Title | New business practices and the corporate property portfolio: how responsive is the UK property market? |
| 260 ## - PUBLICATION, DISTRIBUTION, ETC. | |
| Date of publication, distribution, etc. | 1999 |
| 490 ## - SERIES STATEMENT | |
| Series statement | Journal of Property Research |
| Volume/sequential designation | 16(3) September 1999, 201-218(10) |
| 520 ## - SUMMARY, ETC. | |
| Summary, etc. | Considers the effect business reorganisation and new working practices are having on the corporate property market. Assesses their impact on how property managers deal with their core and peripheral property requirements. Extends the findings of a research project funded by the RICS, "Changing Lease Structures in Commercial Property Markets" 1998. References. |
| 650 ## - SUBJECT ADDED ENTRY--TOPICAL TERM | |
| Topical term or geographic name entry element | Property management |
| 9 (RLIN) | 6262 |
| 650 ## - SUBJECT ADDED ENTRY--TOPICAL TERM | |
| Topical term or geographic name entry element | LEASE |
| 690 ## - LOCAL SUBJECT ADDED ENTRY--TOPICAL TERM (OCLC, RLIN) | |
| Topical term or geographic name as entry element | PROPERTY-COMMERCIAL PROPERTY-COMMERCIAL PROPERTY FINANCE AND INVESTMENT |
| 700 ## - ADDED ENTRY--PERSONAL NAME | |
| Personal name | Lizieri, C. |
| 942 ## - ADDED ENTRY ELEMENTS (KOHA) | |
| Suppress in OPAC | 0 |
| Withdrawn status | Lost status | Source of classification or shelving scheme | Damaged status | Not for loan | Home library | Current library | Shelving location | Date acquired | Total Checkouts | Full call number | Barcode | Date last seen | Copy number | Price effective from | Koha item type |
|---|---|---|---|---|---|---|---|---|---|---|---|---|---|---|---|
| Dewey Decimal Classification | London | London | Journal article | 09/11/1999 | ABS61085 | 101634-1001 | 06/08/2019 | 1 | 06/08/2019 | Journal article |